| 000 | 00379nam a2200157Ia 4500 | ||
|---|---|---|---|
| 008 | 230917s9999||||xx |||||||||||||| ||und|| | ||
| 040 |
_e158933 _aMAIN |
||
| 041 | _aEnglish | ||
| 082 | _a346.022 K143S | ||
| 100 | _aKapoor, Shyam Kishore | ||
| 245 | 0 | _aSamvida vidhi-I | |
| 250 | _a10 ed | ||
| 260 |
_aAllahabad _bCentral Law Agency _c1997 |
||
| 300 | _a304 p. | ||
| 942 | _cBK | ||
| 999 |
_c101114 _d101114 |
||